000 00683nam a2200253 a 4500
001 24335
003 CO-ViMGA
008 141112s2004 ck r 000 u spa d
020 _a9789588445137
040 _aCO-ViMGA
_bspa
_cCO-ViMGA
041 _aSPA
090 _aP CHU1
245 1 0 _aChumba la cachumba /
_cilustrado por Carlos Cotte
250 _a13a ed.
260 _aCaracas :
_bEkaré,
_c2011
300 _a32 p. : il. col. : il.
490 _aClave de Sol
650 1 4 _aCANCIONES POPULARES
_935600
650 1 4 _aLEER ES MI CUENTO - COLECCION 2011
_935601
650 1 4 _aRIMAS
_935602
650 1 4 _aRONDAS
_935603
700 1 _aCotte, Carlos
_935604
942 _2ddc
_cBK
999 _c2232
_d2232